000 00386cam a22001217a 4500
008 180718b1990 xxu||||| |||| 00| 0 eng d
082 _aAPPPA 89-90 BAN
100 _aBansal, R.K.
245 _aPerformance appraisal in the department of posts
_cby R.K. Bansal
260 _aNew Delhi
_bIndian Institute of Public Administration
_c1990
300 _a246p.
650 _aPerformance appraisal
999 _c501528
_d501528